| 000 | 00555nam a22001817a 4500 | ||
|---|---|---|---|
| 999 |
_c30621 _d30621 |
||
| 008 | 191203b ||||| |||| 00| 0 eng d | ||
| 020 | _a9781782119609 | ||
| 020 | _a1782119469 | ||
| 040 | _aMksu | ||
| 050 |
_aPR9387.9 _b.A34 2017 |
||
| 100 |
_aAdebayo, Ayobami _d1988 |
||
| 245 |
_aStay with me/ _cAyobami Adebayo |
||
| 260 |
_aEdinburgh : _bCanongate Books Ltd., _c2017 |
||
| 300 |
_a298 p. ; _c23 cm |
||
| 650 |
_aMarried people _xFiction. |
||
| 650 |
_aFamilies _xFiction. _zNigeria |
||
| 942 |
_2lcc _cBOOK _hPR9387.9 .A34 2017 |
||